<?xml version="1.0" encoding="UTF-8"?>
<record
    xmlns:xsi="http://www.w3.org/2001/XMLSchema-instance"
    xsi:schemaLocation="http://www.loc.gov/MARC21/slim http://www.loc.gov/standards/marcxml/schema/MARC21slim.xsd"
    xmlns="http://www.loc.gov/MARC21/slim">

  <leader>02297nam a2200265 a 4500</leader>
  <controlfield tag="001">000033623</controlfield>
  <controlfield tag="003">DO-SdBNP</controlfield>
  <controlfield tag="005">20250318152107.0</controlfield>
  <controlfield tag="007">ta</controlfield>
  <controlfield tag="008">110901s1892    es ac   r     001 0 spa d</controlfield>
  <datafield tag="040" ind1=" " ind2=" ">
    <subfield code="a">DO-SdBNP</subfield>
    <subfield code="b">spa</subfield>
    <subfield code="c">BNPHU</subfield>
  </datafield>
  <datafield tag="082" ind1=" " ind2="4">
    <subfield code="a">970.015</subfield>
    <subfield code="b">C947a</subfield>
    <subfield code="2">22</subfield>
  </datafield>
  <datafield tag="100" ind1="1" ind2=" ">
    <subfield code="a">Cronau, Rodolfo</subfield>
    <subfield code="d">1855-1939</subfield>
    <subfield code="9">59096</subfield>
  </datafield>
  <datafield tag="245" ind1="1" ind2="0">
    <subfield code="a">Am&#xE9;rica :</subfield>
    <subfield code="b">historia de su descubrimiento desde los tiempo primitivos hasta los m&#xE1;s modernos /</subfield>
    <subfield code="c">Rodolfo Cronau.</subfield>
  </datafield>
  <datafield tag="246" ind1="0" ind2="8">
    <subfield code="a">Am&#xE9;rica</subfield>
  </datafield>
  <datafield tag="260" ind1=" " ind2=" ">
    <subfield code="a">Barcelona :</subfield>
    <subfield code="b">Montaner y Sim&#xF3;n,</subfield>
    <subfield code="c">1892.</subfield>
  </datafield>
  <datafield tag="300" ind1=" " ind2=" ">
    <subfield code="a">3 v. :</subfield>
    <subfield code="b">il., retrs. ;</subfield>
    <subfield code="c">24 cm.</subfield>
  </datafield>
  <datafield tag="500" ind1=" " ind2=" ">
    <subfield code="a">Incluye referencias bibliogr&#xE1;ficas y notas al pie de las p&#xE1;ginas</subfield>
  </datafield>
  <datafield tag="505" ind1="0" ind2=" ">
    <subfield code="a">V.1. </subfield>
    <subfield code="u"> De las materias que contienen este Tomo.</subfield>
    <subfield code="t">Prefacio.--</subfield>
    <subfield code="t">El tiempo prehit&#xF3;rico de Am&#xE9;rica.--</subfield>
    <subfield code="t">Los habitantes de Am&#xE9;rica en el tiempo prehist&#xF3;rico.--</subfield>
    <subfield code="t">Los mound-builders.--</subfield>
    <subfield code="t">Los cliff dwellers (casa de pe&#xF1;ascos) y los indios de Puebla </subfield>
    <subfield code="t">Los antiguos pueblos cultos de M&#xE9;xico y de la Am&#xE9;rica Central.--</subfield>
    <subfield code="t">Los antiguos pueblos cultos de M&#xE9;xico y de la Am&#xE9;rica del Sur.--</subfield>
    <subfield code="t">Presentimiento de la existencia de un mundo occidental arraigado en la antiguedad.--</subfield>
    <subfield code="t">Viajes imaginario o verdaderos a Am&#xE9;rica antes de Col&#xF3;n.--</subfield>
    <subfield code="t">Viajes realizados por los escandinavos a Groenlandia y Finlandia.--</subfield>
    <subfield code="t">Tradiciones de Hultramannalanndia.--</subfield>
    <subfield code="t">Viaje de los hermanos NIcol&#xE1;s y Antonio Zeno a Frisia, Islandia, Groenlandia, Estotilandia e Icaria.--</subfield>
    <subfield code="t">Islas fabulosas del Oc&#xE9;ano Atl&#xE1;ntico.--  </subfield>
    <subfield code="t">Crist&#xF3;bal Col&#xF3;n y su proyecto de una traves&#xED;a occidental a la India.--</subfield>
    <subfield code="t">Genealog&#xED;a de la familia Col&#xF3;n.--</subfield>
    <subfield code="t">Traves&#xED;a de Col&#xF3;n por el Oc&#xE9;ano y descubrimiento de Am&#xE9;rica.--</subfield>
    <subfield code="t">El diario de Col&#xF3;n durante su traves&#xED;a por las Lucayas.--</subfield>
    <subfield code="t">&#xBF;D&#xF3;nde est&#xE1; situada Guanahani?</subfield>
    <subfield code="t">Prosigue Col&#xF3;n su viaje hacia Cuba y la Espa&#xF1;ola.--</subfield>
    <subfield code="t">El regreso.--</subfield>
    <subfield code="t">El reparto de la tierra.--</subfield>
    <subfield code="t">Segundo viaje de col&#xF3;n.--</subfield>
    <subfield code="t">Tercer viaje de Col&#xF3;n.--</subfield>
    <subfield code="t">&#xDA;ltimo viaje de Col&#xF3;n.--</subfield>
    <subfield code="t">Los &#xFA;ltimos a&#xF1;os de la vida de Col&#xF3;n y su muerte.--</subfield>
    <subfield code="t">Col&#xF3;n como hombre y como descubridor.--</subfield>
    <subfield code="t">Los restos de Col&#xF3;n.</subfield>
  </datafield>
  <datafield tag="590" ind1=" " ind2=" ">
    <subfield code="a">Inventariado, 2019/BT</subfield>
  </datafield>
  <datafield tag="651" ind1=" " ind2="4">
    <subfield code="a">Am&#xE9;rica --</subfield>
    <subfield code="x">Descubrimiento y exploraci&#xF3;n  --</subfield>
    <subfield code="x">Espa&#xF1;oles</subfield>
    <subfield code="9">544</subfield>
    <subfield code="v">Ensayo, conferencias, etc.</subfield>
  </datafield>
  <datafield tag="651" ind1=" " ind2="4">
    <subfield code="a">Am&#xE9;rica</subfield>
    <subfield code="x">Historia</subfield>
    <subfield code="9">865</subfield>
  </datafield>
  <datafield tag="910" ind1=" " ind2=" ">
    <subfield code="a">Validado. Control de calidad MFF</subfield>
  </datafield>
  <datafield tag="942" ind1=" " ind2=" ">
    <subfield code="2">ddc</subfield>
    <subfield code="c">LBS1</subfield>
  </datafield>
  <datafield tag="952" ind1=" " ind2=" ">
    <subfield code="0">0</subfield>
    <subfield code="1">0</subfield>
    <subfield code="2">ddc</subfield>
    <subfield code="5">1</subfield>
    <subfield code="7">0</subfield>
    <subfield code="8">GR-RV</subfield>
    <subfield code="a">BNPHU</subfield>
    <subfield code="b">BNPHU</subfield>
    <subfield code="c">HD</subfield>
    <subfield code="d">2011-10-26</subfield>
    <subfield code="o">970.015 C947a</subfield>
    <subfield code="p">33623-40</subfield>
    <subfield code="r">2020-06-25</subfield>
    <subfield code="t">v. 2, e. 2</subfield>
    <subfield code="w">2020-06-25</subfield>
    <subfield code="y">LBS1</subfield>
  </datafield>
  <datafield tag="952" ind1=" " ind2=" ">
    <subfield code="0">0</subfield>
    <subfield code="1">0</subfield>
    <subfield code="2">ddc</subfield>
    <subfield code="5">1</subfield>
    <subfield code="7">0</subfield>
    <subfield code="8">GR-RV</subfield>
    <subfield code="a">BNPHU</subfield>
    <subfield code="b">BNPHU</subfield>
    <subfield code="c">HD</subfield>
    <subfield code="d">2013-03-04</subfield>
    <subfield code="e">Donado por Mart&#xED;nez Boog</subfield>
    <subfield code="o">970.015 C947a</subfield>
    <subfield code="p">33623-50</subfield>
    <subfield code="r">2020-06-25</subfield>
    <subfield code="t">v. 3</subfield>
    <subfield code="w">2020-06-25</subfield>
    <subfield code="y">LBS1</subfield>
  </datafield>
  <datafield tag="952" ind1=" " ind2=" ">
    <subfield code="0">0</subfield>
    <subfield code="1">0</subfield>
    <subfield code="2">ddc</subfield>
    <subfield code="5">1</subfield>
    <subfield code="7">0</subfield>
    <subfield code="8">RV</subfield>
    <subfield code="a">BNPHU</subfield>
    <subfield code="b">BNPHU</subfield>
    <subfield code="c">HD</subfield>
    <subfield code="d">2011-09-01</subfield>
    <subfield code="o">970.015 C947a</subfield>
    <subfield code="p">33623-10</subfield>
    <subfield code="r">2020-06-25</subfield>
    <subfield code="t">v. 1</subfield>
    <subfield code="w">2020-06-25</subfield>
    <subfield code="y">LBS1</subfield>
  </datafield>
  <datafield tag="952" ind1=" " ind2=" ">
    <subfield code="0">0</subfield>
    <subfield code="1">0</subfield>
    <subfield code="2">ddc</subfield>
    <subfield code="5">1</subfield>
    <subfield code="7">0</subfield>
    <subfield code="8">RV</subfield>
    <subfield code="a">BNPHU</subfield>
    <subfield code="b">BNPHU</subfield>
    <subfield code="c">HD</subfield>
    <subfield code="d">2011-09-13</subfield>
    <subfield code="e">Donado por de Mart&#xED;nez Boog.</subfield>
    <subfield code="o">970.015 C947a</subfield>
    <subfield code="p">33623-20</subfield>
    <subfield code="r">2020-06-25</subfield>
    <subfield code="t">v. 1, e. 2</subfield>
    <subfield code="w">2020-06-25</subfield>
    <subfield code="y">LBS1</subfield>
  </datafield>
  <datafield tag="952" ind1=" " ind2=" ">
    <subfield code="0">0</subfield>
    <subfield code="1">0</subfield>
    <subfield code="2">ddc</subfield>
    <subfield code="5">1</subfield>
    <subfield code="7">0</subfield>
    <subfield code="8">GR-RV</subfield>
    <subfield code="a">BNPHU</subfield>
    <subfield code="b">BNPHU</subfield>
    <subfield code="c">HD</subfield>
    <subfield code="d">2011-09-13</subfield>
    <subfield code="e">Donado por Mart&#xED;nez Boog.</subfield>
    <subfield code="o">970.015 C947a</subfield>
    <subfield code="p">33623-30</subfield>
    <subfield code="r">2020-06-25</subfield>
    <subfield code="t">v. 2</subfield>
    <subfield code="w">2020-06-25</subfield>
    <subfield code="y">LBS1</subfield>
  </datafield>
  <datafield tag="952" ind1=" " ind2=" ">
    <subfield code="0">0</subfield>
    <subfield code="1">0</subfield>
    <subfield code="2">ddc</subfield>
    <subfield code="5">6</subfield>
    <subfield code="7">0</subfield>
    <subfield code="8">GR-RV</subfield>
    <subfield code="a">BNPHU</subfield>
    <subfield code="b">BNPHU</subfield>
    <subfield code="c">HD</subfield>
    <subfield code="d">2014-09-06</subfield>
    <subfield code="e">Donado por Manuel Ortiz</subfield>
    <subfield code="o">970.015 C947a</subfield>
    <subfield code="p">2022-3879</subfield>
    <subfield code="r">2022-09-06</subfield>
    <subfield code="t">v.1, e.3</subfield>
    <subfield code="w">2022-09-06</subfield>
    <subfield code="y">LBS1</subfield>
  </datafield>
  <datafield tag="999" ind1=" " ind2=" ">
    <subfield code="c">33114</subfield>
    <subfield code="d">33114</subfield>
  </datafield>
</record>
